| 000 | 02044cam a22001934a 4500 | ||
|---|---|---|---|
| 005 | 20250605164342.0 | ||
| 008 | 250528s ||||||||||||||||||||||||d | ||
| 035 | _a23649 | ||
| 040 |
_aGR-AtMCL _bgre _dGR-AtMCL _eAACR2 |
||
| 245 | 1 | _aΟ Ρόλος του Τμήματος Ανθρώπινου Δυναμικού στην Σύγχρονη Επιχείρηση και η Συμβολή του στην Ανάπτυξη της. | |
| 260 | _c2011 | ||
| 300 | _a41 | ||
| 520 | _aΠρόλογος, Η επιστήμη της Διοίκησης των Ανθρώπινων Πόρων, Ανάλυση της Έννοιας Διοίκησης Ανθρώπινου Δυναμικού, Στόχοι της Διοίκησης Ανθρωπίνων Πόρων, Ρόλος του Τμήματος Διοίκησης Ανθρωπίνων Πόρων, Ο Ρόλος των Ανθρωπίνων Πόρων στη Διαμόρφωση της Στρατηγικής, Ο Ρόλος των Ανθρωπίνων Πόρων στη Δημιουργεία Ανταγωνιστικού Πλεονεκτήματος, Εκπαίδευσης Ανθρώπινου Δυναμικού, Εκπαίδευση, Τομείς που Βελτιώνει η Εκπαίδευση, Στόχοι Έννοια και Οφέλη της Εκπαίδευσης και Ανάπτυξης, Η Αναγκαιότητα της Εκπαίδευσης του Ανθρώπινου Δυναμικού, Έννοια, Τα Πλεονεκτήματα της Ανάπτυξης του Ανθρώπιμου Δυναμικού, Οι Επιχειρήσεις στο Σύγχρονο Περιβάλλον, Η Έννοια των Κινητήρων ως Μέσο Υποκίνησης των Εργαζομένων, Coca Cola Ελληνική Εταιρία Εμφιαλώσεως Α.Ε, Συμπεράσματα, Βιβλιογράφια. | ||
| 700 | 1 |
_aΣωτηρίου Γεωργία _99243 |
|
| 700 | 1 |
_aΤραπεζάρη Γεωργία _99244 |
|
| 942 | _cDS | ||
| 999 |
_c8646 _d8646 |
||